WiFi home networking

Saved in:
Bibliographic Details
Main Author: Raymond J. Smith
Format: Book
Language:Undetermined
Published: New York McGraw-Hill 2003
Subjects:
Tags: Add Tag
No Tags, Be the first to tag this record!
Institutions: Trung tâm Học liệu Trường Đại học Cần Thơ
LEADER 00546nam a2200193Ia 4500
001 CTU_57342
008 210402s9999 xx 000 0 und d
020 |b 449000 
082 |a 621.3821 
082 |b S657 
100 |a Raymond J. Smith 
245 0 |a WiFi home networking 
245 0 |c Raymond J. Smith 
260 |a New York 
260 |b McGraw-Hill 
260 |c 2003 
650 |a communication networks,computer network architecture,data transmission systems 
904 |i Minh 
980 |a Trung tâm Học liệu Trường Đại học Cần Thơ